LEADER 01140nam a2200277 a 4500 001 000000145753 003 CaOOAMICUS 005 20150915125807.0 008 150915s2005 it u000 u ita r 020 $a88-7016-550-7 040 $aPUL$bita 100 1 $aMiegge, Mario.$0(OLS)http://pul/name/9432 245 10$aCapitalismo e modernità :$buna lettura protestante /$cMario Miegge. 260 $aTorino :$bClaudiana,$c©2005. 300 $a74 p. ;$c20 cm 490 1 $aPiccola collana moderna.$aSerie storica ;$v112 504 $aBibliografia in nota. 650 4$aCapitalismo moderno$xStoria.$0(OLS)http://pul/subject/18937 830 0$aPiccola collana moderna.$pSerie storica ;$v112.$0(OLS)http://pul/title/70703 850 $aPUL 852 $aPUL$W1$xDP1 Fondo S. Lanza$y121$m4 A 14$j774$qFondi$B169231$CPULBib$Z2$F169231 $HLan1505 $82 941 1 $a1 996 $6020$a88-7016-550-7$9(OLS)http://pul/number/158608 996 $6245$aCapitalismo e modernità :$buna lettura protestante$9(OLS)http://pul/title/184307 996 $6260$aTorino :$bClaudiana$9(OLS)http://pul/publisher/48072 LEADER 01437nam a2200325 u 4500 001 000000081462 003 CaOOAMICUS 005 20070226123746.0 008 050322s2003 fr u000 u fre u 020 $a2204070394 035 $a11035661 040 $aPUL$bita 100 1 $aAveline, Jean-Marc,$ccard.,$d1958-$0(OLS)http://pul/name/54292 245 12$aL'enjeu christologique en théologie des religions :$ble débat Tillich-Troeltsch /$cJean-Marc Aveline ; préface par Joseph Doré. 260 $aParis :$bCerf,$c2003. 300 $a757 p. ;$c22 cm 490 1 $aCogitatio fidei ;$v227 504 $aBibliografia in nota. 600 14$aTillich, Paul,$d1886-1965.$0(OLS)http://pul/subject/21765 600 14$aTroeltsch, Ernst,$d1865-1923.$0(OLS)http://pul/subject/19631 650 4$aCristologia.$0(OLS)http://pul/subject/1402 830 0$aCogitatio fidei ;$v227.$0(OLS)http://pul/title/876 850 $aPUL 852 $aPUL$W1$xSL Religione 2$y84$mTheol A13 227$j103904$nBK-PRI$b $qStampati altre collocazioni$B103904$CPULBib$Z2$F103904 $HPUL97448 $81 941 1 $a10 960 $aIesus Christus$91402 960 $aIesus Christus$91402 996 $6020$a2204070394$9(OLS)http://pul/number/107927 996 $6245$aL'enjeu christologique en théologie des religions :$ble débat Tillich-Troeltsch$9(OLS)http://pul/title/106547 996 $6260$aParis :$bCerf$9(OLS)http://pul/publisher/48238